00460nam a2200181 a 450000100060000000300090000600800410001502000150005604000280007108200100009910000200010924500090012926000410013830000100017949000220018965000340021165000330024517751CO-ViMGA141112s2004 ck r 000 u spa d a8424180917 aCO-ViMGAbspacCO-ViMGA04aDUBoj1 aDubovoy, Silvia10aOjos aLeón (España), cEverest, c2002 a40.p. aAdivina quien es?14aANIMALES - CUENTOS INFANTILES14aCUENTOS INFANTILES MEXICANOS